000 00840nam a22001577a 4500
003 OSt
005 20160324152543.0
008 160324b xxu||||| |||| 00| 0 eng d
040 _cRUA
082 _aAGR TEC 2012 B471 Or.1
100 _98198
_aTECH RATANA; តិច រតនា
245 _aEffectiveness of different rate15-15-15fertilizers on chinese kale at crops station of royal university of agriculture, ប្រសិទ្ធភាពនៃជី១៥-១៥-១៥​ ក្នុងកម្រិតខុសគ្នាលើដំណាំខាត់ណាដើមក្នុងស្ថានីយ៍ពិសោធន៍ដំណាំនៃសាកលវិទ្យាល័យភូមិន្ទកសិកម្ម
260 _aPhnom Penh
_bRUA
_c2012
300 _aix ;48p.
_bill.
_c29cm.
942 _2ddc
_cAGR
999 _c7816
_d7816